Tómala, métete, remata: Mundial 1962. La epopeya desde adentro

Uloženo v:
Podrobná bibliografie
Hlavní autor: Urrutia O'Nell, Luis (Autor)
Médium: Kniha
Jazyk:španělština
Vydáno: Santiago Ediciones B 2012
Vydání:1a. ed
Témata:
Tagy: Přidat tag
Žádné tagy, Buďte první, kdo vytvoří štítek k tomuto záznamu!

MARC

LEADER 00000cam a2200000 a 4500
001 UCF2664
003 CL-VaPUC
008 120830e20120500CL |||||||||||||||||spa|d
020 |a 9789563041163 
082 0 4 |a 070  |b URR  |2 21 
100 0 |a Urrutia O'Nell, Luis  |e author  |9 564393 
245 1 0 |a Tómala, métete, remata: Mundial 1962. La epopeya desde adentro 
250 |a 1a. ed 
300 |a 244 p 
942 |c BK 
945 |d 20120830 00:00:00  |a dcastane 
260 |a Santiago  |b Ediciones B  |c 2012 
650 0 |a Periodismo   |9 310113 
650 0 |a Periodismo deportivo  |9 501846 
650 0 |a Fútbol  |9 307513 
583 |a last modification  |c 20120830 10:25:00  |k Rodrigo Vera 
999 |c 349204  |d 349202 
952 |0 0  |1 0  |4 0  |6 070_000000000000000_URR_2012  |7 0  |8 A  |9 451707  |a BIBING  |b BIBING  |d 2019-11-22  |i 4894987  |l 2  |o 070 URR 2012  |p 4894987  |r 2025-01-20  |s 2023-12-19  |w 2019-11-22  |y BK  |k CUI